00578 a2200169 4500020001800000040001300018082001100031100002500042245005600067260003300123300001100156650002400167700002400191942002400215999001700239952015200256 a9780716711865 aDLCbDLC a516.15 aMandelbrot, Benoit B aThe fractal geometry of naturecBenoit B Mandelbrot aNew YorkbFreeman & coc1983 a468 p. aMathematical models aBenoit B Mandelbrot cBKk516.15 MAN2ddc c10776d10776 001040708NFICaCLbCLcGENd2012-03-27eEagle Information Marketingg5393.29l1o516.15 MANpSEECS010943r2024-09-10s2023-12-10w2017-01-05yBK